Alternativas europeas a la crisis centroamericana: Propuestas europeas frente a la crisis centroamericana

Kaydedildi:
Detaylı Bibliyografya
Materyal Türü: Metin
Baskı/Yayın Bilgisi: Santander: ICI
Etiketler: Etiketle
Etiket eklenmemiş, İlk siz ekleyin!

MARC

LEADER 00000 a a2200000 04500
001 24356
003
040
090 |a 172712  
245 |a Alternativas europeas a la crisis centroamericana: Propuestas europeas frente a la crisis centroamericana  
260 |a Santander:   |b ICI  
300 |a 152 p.  
999 |c 16112  |d 16112